000
00322nam a22001337a 4500
999
_c
12183
_d
12183
020
_a
978-93259-9020-3
082
_a
621.38
100
_a
Rohit Khurana
245
_a
Electronic Instrumentation and Measurement
260
_a
New Delhi
_b
Vikas
_c
2015
300
_a
536
650
_a
Electrical Engineering
942
_c
BK